000 02406cam a2200169 4500500
005 20260322014240.0
041 _afre
042 _adc
100 1 0 _aDenis, Teulières
_eauthor
245 0 0 _aSnyder Timothy D., Bloodlands : Europe between Hitler and Stalin, New York, Basic Books, 2010 ; trad. fr., id., Terres de sang : l’Europe entre Hitler et Staline, trad. de l’angl. par Pierre-Emmanuel Dauzat, Paris, Gallimard, 2012, 707 p., 32 €
260 _c2015.
500 _a63
520 _aL’article revient sur l’introduction de nouveaux instruments de contrôle et de gestion de la politique de développement agricole au début des années 1970. Ce tournant managérial n’est pas imposé de l’extérieur, il s’inscrit dans les luttes internes au champ des organisations professionnelles agricoles françaises et des administrations d’État spécifiques à ce secteur. Les nouvelles méthodes introduites dans le sillage de la politique de Rationalisation des choix budgétaires (RCB) participent à délégitimer l’ancienne conception du développement agricole qui liait la sélection des agriculteurs à la promotion des exploitations familiales, pour favoriser la parcellisation du travail de conseil agricole, la primauté accordées aux indicateurs de performance, la spécialisation et l’intensification des productions.
520 _aPublic Management and Agricultural DevelopmentThis article examines how new tools to control and manage agricultural development policy were introduced in the early 1970s. This managerial turn was not imposed from the outside, but was part and parcel of internal fights in French professional agricultural organisations and specific administrative branches. The new methods introduced in the wake of the Rationalisation des choix budgétaires (RCB, Rationalisation of Budget Choices) policy helped to delegitimise the traditional concept of agricultural development, which linked the selection of farmers with the promotion of family farms, instead favouring the fragmentation of the work of the agricultural council, relying on performance indicators, and encouraging specialisation and intensification.
786 0 _nVingtième Siècle. Revue d'histoire | 129 | 1 | 2015-12-17 | p. IX-IX | 0294-1759
856 4 1 _uhttps://shs.cairn.info/revue-vingtieme-siecle-revue-d-histoire-2016-1-page-IX?lang=fr&redirect-ssocas=7080
999 _c1787589
_d1787589